000 00558nam a2200229Ia 4500
003 OSt
005 20221005114114.0
006 a|||||r|||| 00| 0
007 ta
008 221004b |||||||| |||| 00| 0 eng d
024 _a60154
037 _cTextual
040 _aCRL
_cCRL
_beng
041 _2eng
_aeng
082 _aV2:5:Dz7, J3
100 _aElphinstone M, etc.
_9625465
245 0 _aAncient India
260 _c1953
650 _aHISTORY
942 _hV2:5:Dz7, J3
_cTEXL
_2cc
999 _c1030260
_d1030260